00743nam a2200205 i 450000100060000000300090000600500170001500700030003200800410003510000300007624501190010626000370022530000220026249000200028470000360030483000280034085200310036899900170039995201210041658249ES-MaACL20230906163746.0t|031021s1978 sp ||||1| spa d1 aDuquoc, Christian.94616410aDios diferente b: ensayo sobre la simbólica trinitaria / cChristian Duquoc ; [tradujo Alfonso Ortiz García]. aSalamanca : bSígueme, c1978. a119 p. ; c22 cm.1 aVerdad e imagen1 aOrtiz García, Alfonso.9876180 aVerdad e imagen9182105 aES-MaACLjA-9988 bR.98793 c58249d58249 00104070aATENEOMbATENEOMcDEPO1d2008-01-17eSCl0oA-9988p1061125r2023-02-23 00:00:00w2023-02-23yMONOGRAFIA